Statistics for Movies by Haiku #1

Click here to take the quiz!

General Stats

  • This quiz has been taken 25,077 times
  • The average score is 10 of 16

Answer Stats

YearHaikuMovie% Correct
1990No adults to help, defend a house at Christmas, boy versus robbersHome Alone
99%
2013Princess ice powers, can make a living snowman, freeze a whole kingdomFrozen
89%
2009Put balloons on house, fly to southern paradise, find exotic birdUp
89%
1991Hideous monster, must win love of fair young girl, candelabra helpsBeauty and the Beast
83%
1986Pilots and wingmen, deadly dogfight skills to learn, in the danger zoneTop Gun
81%
1995On Australia farm, herding sheep with magic words, pig surpasses dogBabe
70%
1994Wrongly imprisoned, a good man crawls to freedom, thanks Rita HayworthThe Shawshank Redemption
70%
2015Left for dead in storm, potato farming science, survive red planetThe Martian
66%
1999Simulated world, humans used for batteries, find the chosen oneThe Matrix
63%
1983Tony Montana, drugs money power women, little friendly gunScarface
59%
2014Crops on Earth failing, astronaut goes through wormhole, finds better planetInterstellar
58%
2015Consume raw liver, suffer grizzly bear attack, capture Oscar prizeThe Revenant
58%
2009For human profit, destroy the alien moon, unobtanium!Avatar
53%
1989Nazis want a mug, that can grant eternal life, archaeology!Indiana Jones and the
Last Crusade
45%
2014Band director jerk, to make perfect jazz music, never says good jobWhiplash
37%
1972Thirties in Berlin, Nazis cracking down old chum, on fun and dancingCabaret
22%

Score Distribution

Percentile by Number Answered

Percent of People with Each Score

Your Score History

You have not taken this quiz